000 00507nam a22001937a 4500
003 MPLRDC
005 20220104143924.0
008 210129b ||||| |||| 00| 0 eng d
020 _a957-643-377-0
082 _a861.57 RBDS v.31
100 _a野依美幸
245 _a白雪情缘
_c郑涵壬 译
250 _a一版七刷
260 _a
_b台湾东贩股份有限公司
_c1999
300 _b
490 _a日本电视小说. 31
650 _a日本现代小说
942 _cBK
_o861.57 RBDS v.31
999 _c44661
_d44651